| 000 | 00499cam a2200169u 4500 | ||
|---|---|---|---|
| 082 |
_a526.8 _bSUR _cL-16, p-42 |
||
| 110 | 1 |
_aThe survey journal of Pakistan. _939547 |
|
| 245 | 1 | 0 | _aMap reproduction. |
| 250 | _a4th ed. | ||
| 260 |
_aMuree, _bThe survey of Pakistan, _c1954. |
||
| 300 |
_a92 p., _b[3] p. incl. tables. _c25 cm. |
||
| 526 |
_a0 _b0 _c0 _d526_800000000000000_SUR |
||
| 650 | 0 |
_aCartography. _921312 |
|
| 650 | 0 |
_aMCE _9379 |
|
| 650 | 0 |
_aTopographical surveying. _939548 |
|
| 942 |
_2ddc _cBK |
||
| 999 |
_c544015 _d544015 |
||